[Event "Liechtenstein op 18th"]
[Site "Triesen"]
[Date "2000.??.??"]
[Round "2"]
[White "Goris Antonius, A."]
[Black "Dittmar, Peter"]
[Result "0-1"]
[WhiteElo "2115"]
[BlackElo "2308"]
[PlyCount "102"]
[EventDate "2000.05.27"]
[EventType "swiss"]
[EventRounds "9"]
[EventCountry "LIE"]
[SourceTitle "EXT 2001"]
[Source "ChessBase"]
[SourceDate "2000.11.22"]
[SourceVersion "1"]
[SourceVersionDate "2000.11.22"]
[SourceQuality "1"]

1. e4 e6 2. d4 d5 3. e5 c5 4. c3 Ne7 5. Bd3 Nec6 6. Nf3 b6 7. a3 a5 8. 0-0 Ba6 9. Re1 Bxd3 10. Qxd3 c4 11. Qe2 b5 12. Bg5 Qb6 13. Nbd2 h6 14. Bh4 Nd7 15. Nf1 Be7 16. Bxe7 Nxe7 17. Ng3 Rb8 18. Nh5 g6 19. Nf6+ Nxf6 20. exf6 Nc6 21. Ne5 Nxe5 22. Qxe5 Kd7 23. f4 h5 24. h4 Qd6 25. Kh2 Rb7 26. Ra2 Rhb8 27. Rea1 Rg8 28. g3 Kc6 29. Kh3 Qxe5 30. fxe5 g5 31. hxg5 Rxg5 32. Rf1 Rb8 33. Raa1 Rbg8 34. Rf3 Rg4 35. Raf1 Kb6 36. R1f2 b4 37. axb4 axb4 38. Rf1 Ra8 39. Rf4 Rg5 40. Kh4 Rg6 41. R1f2 Ra2 42. R4f3 Kb5 43. Rf4 Ka4 44. Kxh5 Rxg3 45. cxb4 Kxb4 46. Kh4 Rg1 47. Kh3 Rb1 48. Rg4 Rbxb2 49. Rxb2+ Rxb2 50. Rg7 Kc3 51. Rxf7 Kxd4 0-1

[Event "Liechtenstein op 18th"]
[Site "Triesen"]
[Date "2000.??.??"]
[Round "8"]
[White "Goris Antonius, A."]
[Black "Formanek, Edward W"]
[Result "1/2-1/2"]
[WhiteElo "2115"]
[BlackElo "2295"]
[PlyCount "157"]
[EventDate "2000.05.27"]
[EventType "swiss"]
[EventRounds "9"]
[EventCountry "LIE"]
[SourceTitle "EXT 2001"]
[Source "ChessBase"]
[SourceDate "2000.11.22"]
[SourceVersion "1"]
[SourceVersionDate "2000.11.22"]
[SourceQuality "1"]

1. e4 c5 2. c3 d5 3. exd5 Nf6 4. d4 cxd4 5. cxd4 Nxd5 6. Nf3 Nc6 7. Be2 g6 8. 0-0 Bg7 9. Nc3 0-0 10. h3 b6 11. Bc4 Nxc3 12. bxc3 Bb7 13. Bf4 Rc8 14. Rc1 Na5 15. Bd3 Bd5 16. Ba6 Rc6 17. Ne5 Bxe5 18. dxe5 Bc4 19. Bxc4 Nxc4 20. Bh6 Re8 21. Qa4 Qc7 22. f4 Rc8 23. Rf3 Rc5 24. Qd1 b5 25. Rc2 Rd8 26. Rd3 Rxd3 27. Qxd3 Nb6 28. Rd2 Rd5 29. Qe2 Qc5+ 30. Kh2 e6 31. Rxd5 Nxd5 32. Qg4 Qxc3 33. Qg5 Qc7 34. h4 a5 35. h5 b4 36. hxg6 fxg6 37. Qg4 Kf7 38. Qe2 a4 39. Qb5 Qa7 40. Qc6 Ne7 41. Qd6 Qb7 42. Qd8 Qc8 43. Qa5 b3 44. axb3 axb3 45. Qb6 Ng8 46. Qa7+ Ke8 47. Qa4+ Qd7 48. Qa8+ Qd8 49. Qa4+ Kf7 50. Bg5 Qc7 51. Qxb3 h6 52. Bh4 g5 53. Bg3 Ne7 54. fxg5 hxg5 55. Qf3+ Nf5 56. Qh5+ Kf8 57. Qh8+ Ke7 58. Qf6+ Kd7 59. Qxg5 Qd8 60. Qxd8+ Kxd8 61. Bf4 Ke8 62. g4 Ne7 63. Kh3 Ng6 64. Bg3 Kf7 65. Kg2 Ne7 66. Kf3 Ng6 67. Ke4 Ne7 68. Kd4 Ng6 69. Kc5 Ne7 70. Kd6 Ng6 71. Bf2 Ne7 72. Bh4 Ng6 73. Bg5 Nf8 74. Bf6 Ng6 75. g5 Nf8 76. Kc7 Ng6 77. Kd8 Nf8 78. Be7 Ng6 79. Bd6 1/2-1/2

[Event "Liechtenstein op 18th"]
[Site "Triesen"]
[Date "2000.??.??"]
[Round "4"]
[White "Goris Antonius, A."]
[Black "Peredy, Ferenc"]
[Result "0-1"]
[WhiteElo "2115"]
[BlackElo "2372"]
[PlyCount "46"]
[EventDate "2000.05.27"]
[EventType "swiss"]
[EventRounds "9"]
[EventCountry "LIE"]
[SourceTitle "EXT 2001"]
[Source "ChessBase"]
[SourceDate "2000.11.22"]
[SourceVersion "1"]
[SourceVersionDate "2000.11.22"]
[SourceQuality "1"]

1. e4 d5 2. exd5 Qxd5 3. Nc3 Qa5 4. d4 Nf6 5. Bd2 Bg4 6. Be2 Bxe2 7. Qxe2 Nc6 8. Qb5 Qxb5 9. Nxb5 0-0-0 10. c3 a6 11. Na3 e5 12. dxe5 Nxe5 13. Bg5 Nd3+ 14. Ke2 Nxb2 15. Bxf6 gxf6 16. Nc2 Bh6 17. Ne3 Rhe8 18. Kf3 Rd3 19. Nh3 Bxe3 20. fxe3 Rdxe3+ 21. Kf4 Rxc3 22. Kf5 Re6 23. Rac1 Ra3 0-1

[Event "Pyramiden Franken Cup 1st"]
[Site "Fuerth"]
[Date "1998.??.??"]
[Round "3"]
[White "Goris Antonius, A."]
[Black "Steffens, Olaf"]
[Result "1-0"]
[WhiteElo "2055"]
[BlackElo "2305"]
[PlyCount "41"]
[EventDate "1998.08.??"]
[EventType "swiss"]
[EventRounds "9"]
[EventCountry "GER"]
[SourceTitle "EXT 2001"]
[Source "ChessBase"]
[SourceDate "2000.11.22"]
[SourceVersion "1"]
[SourceVersionDate "2000.11.22"]
[SourceQuality "1"]

1. e4 a6 2. d4 e6 3. Nf3 b5 4. Be3 Nf6 5. Bd3 Bb7 6. Nbd2 c5 7. dxc5 Qc7 8. b4 Ng4 9. Bd4 Nc6 10. Bc3 d6 11. h3 Nf6 12. e5 Nd5 13. exd6 Nxc3 14. dxc7 Nxd1 15. Rxd1 Nxb4 16. Be4 Nd5 17. c4 bxc4 18. Rb1 Bc6 19. Rb8+ Kd7 20. c8Q+ Ke7 21. Qd8# 1-0

[Event "Pyramiden Franken Cup 1st"]
[Site "Fuerth"]
[Date "1998.??.??"]
[Round "2"]
[White "Thonig, Manfred"]
[Black "Goris Antonius, A."]
[Result "0-1"]
[WhiteElo "1605"]
[BlackElo "2055"]
[PlyCount "64"]
[EventDate "1998.08.??"]
[EventType "swiss"]
[EventRounds "9"]
[EventCountry "GER"]
[SourceTitle "EXT 2001"]
[Source "ChessBase"]
[SourceDate "2000.11.22"]
[SourceVersion "1"]
[SourceVersionDate "2000.11.22"]
[SourceQuality "1"]

1. f4 e5 2. fxe5 d6 3. exd6 Bxd6 4. Nf3 g5 5. g3 g4 6. Nh4 Ne7 7. d4 Ng6 8. Ng2 h5 9. Qd3 Nc6 10. Qe4+ Kf8 11. c3 f5 12. Qd3 Qf6 13. e3 h4 14. Nf4 hxg3 15. Nxg6+ Qxg6 16. Bg2 Rxh2 17. Rxh2 gxh2 18. e4 fxe4 19. Qf1+ Kg7 20. Bf4 Bd7 21. Bxd6 cxd6 22. Nd2 e3 23. Ne4 Rf8 24. Qe2 d5 25. Qxe3 dxe4 26. 0-0-0 Qh6 27. Qxh6+ Kxh6 28. Bxe4 g3 29. d5 Ne5 30. b3 Rf2 31. Rh1 Kg5 32. d6 g2 0-1